00000000nam##2200000za#4500
0019.573641
003CaOODSP
00520210624183809
007cr |||||||||||
008150406|2004||||xxc|||||o    f|0| 0 eng|d
040 |aCaOODSP|beng
043 |an-cn---
0861 |aT41-1/9E-PDF
1101 |aCanada. |bTransport Canada.
24510|aBikeShare : |h[electronic resource]|ba community bicycle lending program
260 |aOttawa - Ontario : |bTransport Canada |cJuly 2004.
300 |a8p.|bcoloured illus., table, photographs
4901 |aCase studies in sustainable transportation|vCase study 9
500 |aAt head of title: Urban Transportation Showcase Program. "Toronto, Ontario".
590 |a12-20-Supp|b2012-05-09
77508|tLe Vélo-partage : |w(CaOODSP)9.603741
830#0|aCase studies in sustainable transportation ;|vCase study 9|w(CaOODSP)9.506851
85640|ahttp://publications.gc.ca|qPDF|s275 KB|uhttps://publications.gc.ca/collections/collection_2012/tc/T41-1-09-eng.pdf|yCase study 9
986 |aTP14254E